| 000 | 00769nam a2200301Ia 4500 | ||
|---|---|---|---|
| 003 | OSt | ||
| 005 | 20230419102100.0 | ||
| 008 | 210210b2014 xxu||||| |||| 00| 0 eng d | ||
| 040 | _c | ||
| 041 | _aeng | ||
| 082 | _a279.54871 KAMD | ||
| 100 |
_aKAMATH (Devadatta) _990410 |
||
| 245 | _aDefiant submission: a history of the diocese of Mangalore Vol I | ||
| 260 |
_aMangalore _b- _c2014 |
||
| 300 | _ax,584 | ||
| 440 |
_aI _990411 |
||
| 650 |
_aVol _990412 |
||
| 650 |
_asubmission:a _990413 |
||
| 650 |
_aMangalore _990414 |
||
| 650 |
_aI _990415 |
||
| 650 |
_ahistory _990416 |
||
| 650 |
_adiocese _990417 |
||
| 650 |
_aDefiant _990418 |
||
| 690 |
_aChristianity _990419 |
||
| 700 |
_aPINTO (Pius Fidelis) _990420 |
||
| 906 | _a071629 | ||
| 942 |
_2ddc _cBK |
||
| 999 |
_c121376 _d121376 |
||